WWE Royal Rumble 2026 Entrants Quiz (Men's match) - Statistics

General Stats
  • This quiz has been taken 433 times
  • The average score is 23 of 30
Answer Stats
Answer % Correct
Bron Breakker
98%
Oba Femi
97%
Roman Reigns
96%
Gunther
93%
Logan Paul
93%
Jey Uso
91%
Brock Lesnar
89%
Cody Rhodes
89%
Rey Mysterio
88%
Austin Theory
84%
Solo Sikoa
83%
Bronson Reed
82%
Penta
82%
Randy Orton
82%
Damian Priest
77%
Je'Von Evans
76%
Jacob Fatu
74%
LA Knight
74%
Trick Williams
74%
Mr. Iguana
73%
El Grande Americano
72%
Original El Grande Americano
72%
Rey Fenix
69%
The Miz
67%
Royce Keys
66%
Rusev
64%
Dragon Lee
61%
La Parka
60%
Matt Cardona
60%
Ilja Dragunov
53%
No matching quizzes found
Score Distribution
Percent of People with Each Score
Percentile by Number Answered
Your Score History
You have not taken this quiz